banner-ar

كتاب الاصنام / (Record no. 59133)

MARC details
000 -الفاتح
حقل البيانات ثابتة الطول 01037nam a2200253Ia 4500
005 - وقت وتاريخ اخر تعامل مع التسجيلة
رقم الضبط 20240530110152.0
008 - عناصر البيانات ثابتة الطول - معلومات عامة
حقل البيانات ثابتة الطول 140319s9999 xx 000 0 ara d
040 ## - مصدر الفهرسة
وكالة الفهرسة الأصلية GCL /
وكالة النسخ GCL
082 04 - رقم تصنيف ديوى العشرى
رقم التصنيف 200.9012/
رقم المادة ك ك
100 1# - المدخل الرئيسى - إسم شخصى
الإسم الشخصى ابن الكلبى : ابوالمنذر هشام بن ابى النصر محمد بن السائب بن بشر بن عمرو الكوفى
245 10 - بيان العنوان
العنوان كتاب الاصنام /
بيان المسئوليه,etc ابوالمنذر هشام بن ابى النصر محمد بن السائب بن بشر بن عمرو الكوفى ابن الكلبى
260 ## - PUBLICATION, DISTRIBUTION, ETC. (IMPRINT)
تاريخ النشر أو التوزيع 1924
300 ## - الوصف المادى
التعداد 111 ص
650 04 - المدخل الاضافى بالموضوع-مصطلح موضوعى
مصطلح موضوعي الشعر العربى
650 04 - المدخل الاضافى بالموضوع-مصطلح موضوعى
مصطلح موضوعي الادب العربى
650 04 - المدخل الاضافى بالموضوع-مصطلح موضوعى
مصطلح موضوعي العصر الجاهلى
650 04 - المدخل الاضافى بالموضوع-مصطلح موضوعى
مصطلح موضوعي دواوين وقصائد
650 04 - المدخل الاضافى بالموضوع-مصطلح موضوعى
مصطلح موضوعي الاصنام
650 04 - المدخل الاضافى بالموضوع-مصطلح موضوعى
مصطلح موضوعي المجموعات
700 1# - المدخل الاضافى - اسم شخصى
الإسم الشخصى محمد عبدالقادر احمد (محقق).
700 1# - المدخل الاضافى - اسم شخصى
الإسم الشخصى احمد محمد عبيد (محقق).
942 ## - عناصر المدخل الإضافي( كوها)
مصدر التصنيف او مخطط الترفيف Dewey Decimal Classification
Koha [default] item type كتاب
260 ## - PUBLICATION, DISTRIBUTION, ETC. (IMPRINT)
-- [S.N] :
-- الدار القومية للطباعة والنشر ،
Holdings
حالة التراجع حالة الفقد حالة تلف ليس للاعارة المكان المؤقت الموقع الحالى تاريخ الاكتساب اجمالي اﻻعارات رقم الطلب الباركود تاريخ اخر مشاهدة تاريخ تفعيل السعر نوع وعاء كوها مصدر التصنيف او خطة الترفيف موقع الترفيف
        مكتبة القاهرة الكبرى مكتبة القاهرة الكبرى 03/26/2014   200.9012\ك ك 153376 03/26/2014 03/26/2014 كتاب    
        مكتبة القاهرة الكبرى مكتبة القاهرة الكبرى 03/26/2014   200.9012\ك ك 153377 03/26/2014 03/26/2014 كتاب    
        مكتبة القاهرة الكبرى مكتبة القاهرة الكبرى 03/26/2014   200.9012\ك ك 153378 03/26/2014 03/26/2014 كتاب    
        مكتبة القاهرة الكبرى مكتبة القاهرة الكبرى 03/26/2014   200.9012\ك ك 153379 03/26/2014 03/26/2014 كتاب    
        مكتبة القاهرة الكبرى مكتبة القاهرة الكبرى 06/06/2018   200.9012\ك ك 164839 06/06/2018 06/06/2018 كتاب ddc القاعة الرئيسية

Powered By

EGPV